000 00757nam a2200277Ia 4500
003 OSt
005 20221007103024.0
006 a|||||r|||| 00| 0
007 ta
008 221006b |||||||| |||| 00| 0 eng d
020 _a817194020X
024 _a11,997
037 _cTextual
040 _aLCO
_cLCO
_beng
041 _2eng
_aeng
082 _aX72:(Z), N1
100 _aSinghania V.K.
245 0 _aDirect Taxes
_b Law and Practice 1991-92
250 _a11th
260 _aDelhi
_bTaxmann Publications (P.) Ltd. India
_c1991
300 _a1000
650 _aDIRECT TAXES
_9431678
700 _a Singhania Jeewan
_9417942
942 _hX72:(Z), N1
_cTEXL
999 _c1181560
_d1181560